True or False SPONGEBOB Quiz Stats

Quiz not verified by Sporcle

Also try: Family Guy
Challenge
Share
Tweet
Embed
Score 0/5 Timer 05:00
0 Plays Today
Question Answer Wrong Answers
Sandy loves Texas. True
83.7%
False
5.4%
Texas?
8.7%
i lik turtlez
1.1%
Patrick is Squidwards Best friend. False
81.5%
True
14.1%
For the last time, IDK!!!
2.2%
I hate u
2.2%
lolololol True
63%
False
7.6%
...
7.6%
-_-
20.7%
Spongebob lives close to sandy. True
56.5%
False
38%
IDK
4.3%
u crazy lady
1.1%
I love spongebob! Idk
28.3%
U my clone yes u do
39.1%
No
9.8%
lol
21.7%

You're not logged in!

Compare scores with friends on all Sporcle quizzes.
Sign Up with Email
OR
Log In

You Might Also Like...

Show Comments

Extras

Top Quizzes Today


Score Distribution

Your Account Isn't Verified!

In order to create a playlist on Sporcle, you need to verify the email address you used during registration. Go to your Sporcle Settings to finish the process.

Report this User

Report this user for behavior that violates our Community Guidelines.

Details: